Datum a čas kvízu
34
Celkem bodů
Celkový počet nahraných bodů na tomto kvízu bez doplňovacích otázek.
3.
Pořadí na kvízu
Konečné umístění týmu na tomto kvízu.
Zaznamenané odpovědi
| # | Otázka | Odpověď | Body | Výsledky |
|---|---|---|---|---|
| 1. | Které všeobecně známé tradiční... | pochodu Praha - Prčice | 1 | |
| 2. | Odvolací soud ve středu potvrd... | Nicolas Sarkozy | 0 | |
| 3. | Jedna česká celebrita minulý... | Helena Vondráčková | 1 | |
| 4. | Staropramen minulý týden předs... | Orlando Bloom | 1 | |
| 5. | Fotbalová Liga mistrů zná od s... | Inter Milán, Manchester City | 1 | |
| 6. | Ve třetím díle našeho cyklu si... | Connor | 1 | |
| 7. | Kriminální drama s prvky černé... | Mia (Wallace), (Uma) Thurman | 0.5 | |
| 8. | Kdo z níže uvedených označil f... | C | 1 | |
| 9. | Dalším v pořadí je první díl J... | Liv Tyler, Aerosmith | 1 | |
| 10. | Patnáctku nejlepších filmů uza... | Nový Zéland | 0 |